Θεωρία και προβλήματα οργανικής χημείας

Saved in:
Bibliographic Details
Main Author: Meislich, Herbert
Other Authors: Στεφανίδου, Ιουλία (trlf)
Format: Book
Language:Greek
English
Published: Θεσσαλονίκη : Τζιόλα, c2001.
Edition:3η έκδ.
Series:Schaum's outline series
Subjects:
Tags: Add Tag
No Tags, Be the first to tag this record!

MARC

LEADER 00000cam a2200000 i 4500
001 1/53629
008 070903s2001 gr | ||| |||| ||gre||
020 |a 9608050138 
035 |l 10090337 
040 |a GR-MyUA  |b gre  |e AACR2 
041 1 |a gre  |h eng 
082 0 |a 547  |2 (22) 
100 1 |a Meislich, Herbert. 
245 1 0 |a Θεωρία και προβλήματα οργανικής χημείας /   |c Herbert Meislich ... [και ά.] ; μετάφραση Ιουλία Στεφανίδου.  
250 |a 3η έκδ.  
260 |a Θεσσαλονίκη :   |b Τζιόλα,   |c c2001.  
300 |a 544 σ. :   |b εικ., σχέδια ;   |c 30 εκ.  
490 1 |a (Schaum's outline series)  
500 |a Καλύπτει όλες τις βασικές έννοιες του αντικειμένου - συμπληρώνει οποιοδήποτε σχετικό σύγγραμμα - 1806 αναλυτικά λυμένα προβλήματα - Επιπλέον πολυάριθμα προβλήματα εξάσκησης - Ιδανικό για ανεξάρτητη μελέτη. Κατάλληλο για τις κατευθύνσεις: Οργανικής χημείας - Διδακτικής της χημείας - Φυσικής χημείας - Ανατομίας/Φυσιολογίας - Αναλυτικής χημείας - Μοριακής βιολογίας - Βιοχημείας. 
500 |a Τίτλος πρωτοτύπου: Schaums' outline of theory and problems of organic chemistry.  
504 |a Περιλαμβάνει ευρετήριο.  
650 0 0 |a Chemistry, Organic  |x Problems, exercises, etc. 
700 1 |a Στεφανίδου, Ιουλία,  |e trlf 
830 0 |a Schaum's outline series 
852 |a INST  |b CHIOS  |e 20070903  |h 547 MEI  |p 005200025972  |q 005200025972  |t BK  |y 0 
901 |a BIBL2-2007-3 
909 |a Χ  |b 136439 
922 |a 2ΕΛΗ  |b 200707  |c ΕΠΕΑΕΚ2/ΤΜΟΔ  |d Σ. ΠΑΤΑΚΗΣ 
970 |a ΒΑΣΙΛΑΚΗ  |b ΝΙΚΗ  |z 2007/09/03